Forma y evento: principios para una interpretación del mundo griego
Wedi'i Gadw mewn:
| Prif Awdur: | |
|---|---|
| Fformat: | Llyfr |
| Iaith: | Sbaeneg |
| Cyhoeddwyd: |
Madrid
Visor
2000
|
| Cyfres: | Colección Márgenes, 2
|
| Pynciau: | |
| Tagiau: |
Ychwanegu Tag
Dim Tagiau, Byddwch y cyntaf i dagio'r cofnod hwn!
|
MARC
| LEADER | 00000cam a2200000 a 4500 | ||
|---|---|---|---|
| 001 | UCJ1490 | ||
| 003 | CL-VaPUC | ||
| 008 | 061020e20000000SP |||||||||||||||||spa|d | ||
| 020 | |a 8477746508 | ||
| 082 | 0 | 4 | |a 938 |b DIA |2 21 |
| 100 | 0 | |a Diano, Carlo |e author |9 502173 | |
| 245 | 1 | 0 | |a Forma y evento: principios para una interpretación del mundo griego |
| 300 | |a 101 p | ||
| 942 | |c BK | ||
| 945 | |d 20061020 00:00:00 |a jtorresc | ||
| 260 | |a Madrid |b Visor |c 2000 | ||
| 500 | |a www.visordis.es | ||
| 650 | 0 | |a Historia antigua |9 267521 | |
| 650 | 0 | |a Política |9 255312 | |
| 651 | 0 | |a Grecia |9 265314 | |
| 583 | |a last modification |c 20131216 03:15:29 |k Rodrigo Vera | ||
| 490 | 0 | |a Colección Márgenes, 2 | |
| 999 | |c 318072 |d 318070 | ||
| 952 | |0 0 |1 0 |4 0 |6 938_000000000000000_DIA_2000 |7 0 |8 A |9 395294 |a BIBHIS |b BIBHIS |d 2019-11-22 |i 4257448 |o 938 DIA 2000 |p 4257448 |r 2023-01-25 |w 2019-11-22 |y BK |k HIS | ||
| 952 | |0 0 |1 0 |3 erb |4 0 |6 938_000000000000000_DIA_2000 |7 0 |8 A |9 395295 |a BIBART |b BIBART |i 5037441 |o 938 DIA 2000 |p 5037441 |r 2025-03-13 |w 2019-11-22 |y BK |z Catalogado en:20131220 |k ART | ||